|
|
|
|
| LEADER |
02997nam a22003854a 4500 |
| 001 |
32814 |
| 003 |
BD-DhAAL |
| 005 |
20180520125826.0 |
| 008 |
180315t2007 ohua b 001 0 eng |
| 999 |
|
|
|c 39040
|d 39040
|
| 010 |
|
|
|a 2007025034
|
| 020 |
|
|
|a 9780829817676
|
| 020 |
|
|
|a 0829817670
|
| 035 |
|
|
|a (OCoLC)145146737
|z (OCoLC)170057456
|
| 035 |
|
|
|a (OCoLC)ocn145146737
|
| 040 |
|
|
|a DLC
|c DLC
|d BAKER
|d BTCTA
|d YDXCP
|d C#P
|d BWX
|d TSU
|d VP@
|d DLC
|d BD-DhAAL
|
| 050 |
0 |
0 |
|a BL458
|b .W56385 2007
|
| 082 |
0 |
0 |
|a 200.82
|2 22
|
| 245 |
0 |
0 |
|a Violence against women in contemporary world religions :
|b roots and cures /
|c edited by Daniel C. Maguire and Sa'diyya Shaikh.
|
| 250 |
|
|
|a First edition
|
| 260 |
|
|
|a Cleveland, Ohio :
|b Pilgrim Press,
|c c2007.
|
| 300 |
|
|
|a viii, 248 pages :
|b illustrations ;
|c 24 cm.
|
| 504 |
|
|
|a Includes bibliographical references and index.
|
| 505 |
0 |
|
|a Introduction: the religiously induced illness of women's subordination and its cure / Daniel C. Maguire -- Violence against women in world religions / Christine E. Gudorf -- The courtroom and the garden: gender and violence in Christendom / Grace M. Jantzen -- The karma of women / David R. Loy -- A tafsir of praxis: gender, marital violence, and resistance in a South African Muslim community / Sa'diyya Shaikh -- The mother of life and the God of death: religious roots of violence against women in Christianity / John Raines -- Rectification of the four teachings in Chinese culture / Hsiao-Lan Hu -- Muntu, kintu, and the pursuit of bumuntu: reflection on the roots of violence against women in African traditional religions / Mutombo Nkulu-N'Sengha -- Sita's epic journey: reflections on the violence in the lives of Hindu women in North India / Veena Talwar Oldenburg -- Buddhism and violence against women / Ouyporn Khuankaew -- "I will espouse you with righteousness and justice": domestic violence and Judaism / Liora Gubkin -- Sexual violence in the Catholic Church / Maria José Rosado-Nunes and Regina Soares Jurkewicz -- Conclusion: the role of religion in violence against women / Arvind Sharma.
|
| 526 |
|
|
|a AAL
|
| 541 |
|
|
|a STS International
|e 32814, 32815, 33105.
|
| 650 |
|
0 |
|a Women and religion.
|9 25100
|
| 650 |
|
0 |
|a Women
|x Religious aspects.
|9 25101
|
| 700 |
1 |
|
|a Maguire, Daniel C.
|9 25102
|
| 700 |
1 |
|
|a Shaikh, Sa'diyya.
|9 25103
|
| 852 |
|
|
|a Ayesha Abed Library
|c General Stacks
|
| 942 |
|
|
|2 ddc
|c BK
|
| 952 |
|
|
|0 0
|1 0
|2 ddc
|4 0
|6 200_820000000000000_VIO
|7 0
|9 62863
|a BRACUL
|b BRACUL
|c GEN
|d 2018-03-13
|e STS International
|g 10500.00
|l 0
|o 200.82 VIO
|p 3010032814
|r 2018-03-13
|t 1
|v 10500.00
|w 2018-03-13
|y BK
|
| 952 |
|
|
|0 0
|1 0
|2 ddc
|4 0
|6 200_820000000000000_VIO
|7 0
|9 62864
|a BRACUL
|b BRACUL
|c GEN
|d 2018-03-13
|e STS International
|g 10500.00
|l 4
|m 30
|o 200.82 VIO
|p 3010032815
|r 2026-01-15
|s 2025-11-06
|t 2
|v 10500.00
|w 2018-03-13
|y BK
|
| 952 |
|
|
|0 0
|1 0
|2 ddc
|4 0
|6 200_820000000000000_VIO
|7 0
|9 63304
|a BRACUL
|b BRACUL
|c GEN
|d 2018-05-17
|e STS International
|g 10500.00
|l 0
|o 200.82 VIO
|p 3010033105
|r 2018-05-17
|t 3
|v 10500.00
|w 2018-05-17
|y BK
|